| 000 | 00428nam a2200169Ia 4500 | ||
|---|---|---|---|
| 008 | 210210b2001 xxu||||| |||| 00| 0 eng d | ||
| 020 | _a81 7808 503 8 | ||
| 082 | _a003 STAO | ||
| 100 | _aSTALLINGS (William). | ||
| 245 | _aOperating systems. Ed.4 | ||
| 250 | _a | ||
| 260 |
_aNew Delhi. _bPearson Education Asia., _c2001 |
||
| 300 | _a779 | ||
| 650 | _aOperating systems | ||
| 690 | _aOperating Systems | ||
| 906 | _a057209 | ||
| 999 |
_c104432 _d104432 |
||